Normal view
MARC view
- Wright, Peter,
Entry Personal Name
001 - CONTROL NUMBER
- control field: 108088
003 - CONTROL NUMBER IDENTIFIER
- control field: NUST
005 - DATE AND TIME OF LATEST TRANSACTION
- control field: 20230130140258.0
008 - FIXED-LENGTH DATA ELEMENTS
- fixed length control field: 230130|| aca||aabn | a|a d
040 ## - CATALOGING SOURCE
- Original cataloging agency: NUST
- Transcribing agency: NUST
100 ## - HEADING--PERSONAL NAME
- Personal name: Wright, Peter,
- Dates associated with a name: 1916-
- General subdivision: Trials, litigation, etc
670 ## - SOURCE DATA FOUND
- Source citation: Work cat.: (NUST)181148: Wright ,pete 108086, The Spycatcher affair :, 1991:
